Jan Lukasiewicz : 1878-1956 /

Biblioteca Filosófica es una colección que plantea una síntesis de la vida y doctrina de grandes filósofos y pensadores, donde cada volumen está dedicado a un pensador en específico y el contenido se desarrolla en cuatro apartados: en el primero se esboza un cuadro cronológico de su vida y contexto,...

पूर्ण विवरण

में बचाया:
ग्रंथसूची विवरण
मुख्य लेखक: Domínguez Prieto, Pablo (autor)
स्वरूप: पुस्तक
भाषा:स्पेनिश
प्रकाशित: Madrid, España : Ediciones del Orto, 1997, c1997
श्रृंखला:(Biblioteca Filosófica)
विषय:
टैग: टैग जोड़ें
कोई टैग नहीं, इस रिकॉर्ड को टैग करने वाले पहले व्यक्ति बनें!

MARC

LEADER 00000nam^a2200000^a^4500
001 000412625
005 20250521000000.0
009 20260310122145.802
020 |a 84-7923-136-X 
037 |a Acervo Xavier Clavigero 
041 |a ESP 
082 |a 140. 92  |b BIB V. 83 
100 |a Domínguez Prieto, Pablo  |e (autor) 
245 1 0 |a Jan Lukasiewicz :  |b 1878-1956 /  |c P. Domínguez Prieto. 
246 2 |a Título en la cubierta: Lukasiewicz: 1878-1956 
264 4 |a Madrid, España :  |b Ediciones del Orto,  |c 1997, c1997 
300 |a 92 p. 
336 |a texto  |b txt  |2 rdacontenido 
337 |a sin mediación  |b n  |2 rdamedio 
338 |a volumen  |b nc  |2 rdasoporte 
440 1 |a (Biblioteca Filosófica) 
520 |a Biblioteca Filosófica es una colección que plantea una síntesis de la vida y doctrina de grandes filósofos y pensadores, donde cada volumen está dedicado a un pensador en específico y el contenido se desarrolla en cuatro apartados: en el primero se esboza un cuadro cronológico de su vida y contexto, en el segundo se interpretan las principales líneas de su pensamiento, en el tercero se presenta una selección de sus textos, y en el cuarto se ofrece una relación bibliográfica del mismo. La presente obra trata sobre Jan Lukasiewicz (1878-1956), lógico y filósofo polaco, cultivó de manera especial la lógica polivalente. 
649 |a XX 
650 |a Filósofos Polacos 
650 |a Lógica Matemática 
650 |a Lógica Formal -  |x Tema Principal 
650 |a Filosofía del Siglo XX -  |x Historia y Crítica 
650 |a Filosofía Polaca -  |x Historia y Crítica 
650 |a Lukasiewicz, Jan -  |x Tema Principal 
910 |a Fondo General 
920 |a Impresos - Libros 
930 |a Colección General 
905 |a 101 
901 |a 070169  |b IT1  |c ACC  |u 20250521 
902 |a https://opac.biblio.iteso.mx/vufind/Record/000412625